Normal view
MARC view
Entry Personal Name
001 - CONTROL NUMBER
- control field: 25592
003 - CONTROL NUMBER IDENTIFIER
- control field: ARRUPE
005 - DATE AND TIME OF LATEST TRANSACTION
- control field: 20160907091304.0
008 - FIXED-LENGTH DATA ELEMENTS
- fixed length control field: 160907|| aca||aabn | a|a d
040 ## - CATALOGING SOURCE
- Original cataloging agency: ARRUPE
- Transcribing agency: ARRUPE
100 ## - HEADING--PERSONAL NAME
- Personal name: Wittgenstein, Ludwig
- General subdivision: Tractatus logico
- General subdivision: Philosophicus
670 ## - SOURCE DATA FOUND
- Source citation: Work cat.: (ARRUPE)26032: Mounce, H.O 21747, Wittgenstein's tractatus